| 000 | 00927nam a2200253 i 4500 | ||
|---|---|---|---|
| 001 | bg | ||
| 100 | 1 | _aOCHELSKI, Stanisław | |
| 245 | 1 | 0 |
_aMetody doświadczalne mechaniki kompozytów konstrukcyjnych / _cStanisław Ochelski. |
| 260 |
_aWarszawa : _bWydawnictwa Naukowo-Techniczne, _c2004. |
||
| 300 |
_a490 s. : _bfot., rys., tab., wykr. ; _c24 cm. |
||
| 504 | _aBibliogr. przy rozdz. Indeks. | ||
| 650 | 9 | _aBadania nieniszczące | |
| 650 | 9 |
_aKompozyty _xmechanika _xbadanie _xmetody |
|
| 650 | 9 |
_aTworzywa konstrukcyjne _xmechanika _xbadanie _xmetody |
|
| 655 | _aPodręczniki akademickie | ||
| 020 | _a8320428904 | ||
| 040 | _cBPK | ||
| 041 | 0 | _apol | |
| 080 | _a678.7:620.1](075.8) | ||
| 920 | _a83-204-2890-4 | ||
| 942 | _cKS | ||
| 008 | s pl f |000 0 pol | ||
| 999 |
_c45835 _d45835 |
||
| 856 |
_uhttp://koha.tu.koszalin.pl/cgi-bin/koha/opac-detail.pl?biblionumber=45835 _yKatalog online BPK |
||